00518nam a22001097a 4500008004100000040005500041080002800096245013300124260006200257500006300319700002600382230321b |||||||| |||| 00| 0 eng d aNational Science LibrarycNational Science Library aD 681.3.016(082.)bN0.3 aProceedings of the 1990 international conference on parallel processing 13-17 August, 1990c/ The Pennsylvania State University  aLondon: bThe Pennsylvania State University Press, c1990 aVol.3 (Algorithms and applications) ; ISBN: 0-271-00728-1 10aYew, Pen-Chung (Ed.)